Stakeholderi a mocenské vzťahy v strategickom procese

Riadenie stakeholderov a spolupráca s nimi. Tradičné metódy riadenia vonkajších stakeholderov. Vplyv stakeholderov na proces strategickej zmeny. Vonkajší stakeholderi a vytváranie vzťahov závislosti. Vzťahy s vnútornými stakeholdermi. Spôsoby odvrátenia konfliktov so stakeholdermi.

Na minha lista:
Detalhes bibliográficos
Autor principal: Kovaľov, Andrej
Formato: Capítulo de Livro
Idioma:eslovaco
Assuntos:
Tags: Adicionar Tag
Sem tags, seja o primeiro a adicionar uma tag!

MARC

LEADER 00000naa$a2200000$$$4500
001 0054650
005 20240502071628.6
041 0 |a slo 
044 |a SK 
245 1 0 |a Stakeholderi a mocenské vzťahy v strategickom procese  |c Andrej Kovaľov 
520 |a Riadenie stakeholderov a spolupráca s nimi. Tradičné metódy riadenia vonkajších stakeholderov. Vplyv stakeholderov na proces strategickej zmeny. Vonkajší stakeholderi a vytváranie vzťahov závislosti. Vzťahy s vnútornými stakeholdermi. Spôsoby odvrátenia konfliktov so stakeholdermi. 
610 2 0 |a riadenie podnikové 
610 2 0 |a riadenie strategické 
610 2 0 |a spolupráca podnikov 
610 2 0 |a kooperácia 
610 2 0 |a partneri obchodní 
610 2 0 |a dodávatelia 
610 2 0 |a zákazníci 
610 2 0 |a konkurencia 
610 2 0 |a organizácie 
100 1 |a Kovaľov, Andrej